[Event "V Open Estate Vomero"]
[Site "Napoli ITA"]
[Date "2011.06.23"]
[Round "7"]
[White "Colli, Roberto"]
[Black "Capone, Vincenzo"]
[Result "0-1"]
[WhiteElo "1788"]
[BlackElo "2128"]
[PlyCount "42"]
[EventDate "2011.05.06"]

1. d4 Nf6 2. c4 g6 3. Nf3 Bg7 4. g3 d6 5. Bg2 O-O 6. Nc3 Nbd7 7. O-O e5 8. e4
exd4 9. Nxd4 Re8 10. Re1 a6 11. Bf4 Rb8 12. Qd2 Ne5 13. Bxe5 Rxe5 14. f4 Re8
15. Rad1 Bg4 16. Bf3 c5 17. Bxg4 cxd4 18. Qxd4 Nxg4 19. Qxd6 Bxc3 20. bxc3 Qa5
21. Qd2 Rbd8 0-1

[Event "V Open Estate Vomero"]
[Site "Napoli ITA"]
[Date "2011.06.23"]
[Round "7"]
[White "De Rosa, Francesco"]
[Black "Esposito, Rosario"]
[Result "1-0"]
[WhiteElo "1962"]
[BlackElo "1841"]
[PlyCount "79"]
[EventDate "2011.05.06"]

1. e4 c5 2. Nf3 e6 3. d4 cxd4 4. Nxd4 Nc6 5. Nc3 a6 6. Nxc6 bxc6 7. Bd3 Qc7 8.
O-O e5 9. Be3 Nf6 10. Bc4 d6 11. h3 Be7 12. Qe2 O-O 13. a4 a5 14. Rfd1 Bb7 15.
Rab1 Rfd8 16. Bg5 Ne8 17. h4 Bxg5 18. hxg5 Qe7 19. Qh5 g6 20. Qh4 Ng7 21. Rd3
h5 22. Rf3 d5 23. Bb3 Ne6 24. Rf6 Nd4 25. exd5 cxd5 26. Ba2 Qd7 27. Rd1 Rac8
28. Re1 Re8 29. Qg3 Nf5 30. Qd3 e4 31. Rxe4 Rxe4 32. Nxe4 Qxa4 33. Bxd5 Bxd5
34. Qxd5 Qe8 35. Rxg6+ Kh8 36. Rf6 Ne7 37. Rh6+ Kg7 38. Qe5+ Kf8 39. Rh8+ Ng8
40. Rxg8+ 1-0

[Event "V Open Estate Vomero"]
[Site "Napoli ITA"]
[Date "2011.06.23"]
[Round "7"]
[White "Della Corte, Alessandro"]
[Black "Messina, Enrico"]
[Result "1/2-1/2"]
[WhiteElo "2253"]
[BlackElo "2127"]
[PlyCount "117"]
[EventDate "2011.05.06"]

1. e4 c5 2. Nf3 d6 3. d4 cxd4 4. Nxd4 Nf6 5. Nc3 g6 6. Be3 Bg7 7. f3 O-O 8. Bc4
Nc6 9. Bb3 Nd7 10. h4 Qa5 11. Qd2 Nc5 12. O-O-O Be6 13. h5 Bxb3 14. cxb3 Rac8
15. Kb1 Bxd4 16. Bxd4 Nxd4 17. Qxd4 Ne6 18. Qe3 Qc5 19. Qxc5 Nxc5 20. Nd5 Rfe8
21. hxg6 hxg6 22. Rh6 Ne6 23. Rdh1 Nf8 24. g4 f6 25. f4 Kf7 26. f5 g5 27. a4
Rc5 28. R1h3 Kg7 29. Ka2 Rc2 30. Rh2 Rxh2 31. Rxh2 e6 32. Nc7 Re7 33. Rc2 exf5
34. exf5 Re4 35. Rc4 Rxc4 36. bxc4 Kf7 37. Nb5 Ke7 38. Nxa7 d5 39. c5 Nd7 40.
b4 Ne5 41. a5 Nxg4 42. b5 Ne5 43. a6 bxa6 44. bxa6 Kd7 45. Nb5 Nc6 46. Kb2 g4
47. Nd4 Kc7 48. Ne2 Kb8 49. Kc3 Ka7 50. Kd3 Kxa6 51. Nf4 Ne7 52. Nh5 Nxf5 53.
Nxf6 g3 54. Ke2 d4 55. Ne4 Kb5 56. Kf3 d3 57. c6 Kxc6 58. Nxg3 Nxg3 59. Ke3
1/2-1/2

[Event "V Open Estate Vomero"]
[Site "Napoli ITA"]
[Date "2011.06.23"]
[Round "7"]
[White "Esposito, Pino"]
[Black "Sparice, Lorenzo"]
[Result "0-1"]
[WhiteElo "1861"]
[BlackElo "1374"]
[PlyCount "102"]
[EventDate "2011.05.06"]

1. e4 c5 2. Nf3 e6 3. d4 cxd4 4. Nxd4 Nc6 5. Be3 Nf6 6. f3 b6 7. c4 Nxd4 8.
Bxd4 Bb7 9. Nc3 a6 10. Be2 d6 11. O-O Be7 12. Rc1 O-O 13. Qd2 Re8 14. Rfd1 Qc7
15. Bxf6 gxf6 16. Qh6 Qc5+ 17. Kh1 Qg5 18. Qxg5+ fxg5 19. Na4 b5 20. cxb5 axb5
21. Bxb5 Red8 22. Nc3 d5 23. exd5 exd5 24. Ne2 Rxa2 25. Rc2 Bf6 26. Nd4 Bxd4
27. h3 Rxb2 28. Ba4 Rxc2 29. Bxc2 Bf6 30. Rb1 Ba8 31. Rb6 Bg7 32. Ra6 Bh8 33.
Ra7 Re8 34. Bd3 Rd8 35. g3 Be5 36. Kg2 Rb8 37. Ra2 Rb2+ 38. Rxb2 Bxb2 39. Kf2
Bd4+ 40. Ke2 Bc5 41. g4 Kg7 42. Bb5 Kf6 43. Bd3 h6 44. Bh7 Bd6 45. Bf5 d4 46.
Bd3 Ke5 47. Kf2 Kf4 48. Bc4 f6 49. Be2 Bc5 50. Kg2 Bd5 51. Bd1 d3 0-1

[Event "V Open Estate Vomero"]
[Site "Napoli ITA"]
[Date "2011.06.23"]
[Round "7"]
[White "Gallina, Giacomo"]
[Black "Accardo, Francesco"]
[Result "0-1"]
[WhiteElo "1698"]
[BlackElo "1874"]
[PlyCount "56"]
[EventDate "2011.05.06"]

1. e4 e6 2. d3 c5 3. Nd2 Be7 4. g3 Nc6 5. Bg2 b5 6. Ngf3 a5 7. O-O Ba6 8. Re1
g5 9. Nf1 h5 10. b3 g4 11. N3d2 Bf6 12. Rb1 h4 13. Qxg4 hxg3 14. fxg3 Bd4+ 15.
Ne3 Ne5 16. Qf4 Ng6 17. Qf3 Ne5 18. Qf4 Ng6 19. Qf3 Qg5 20. Ndf1 Nh6 21. Kh1
Ne5 22. Qe2 Qg7 23. Bb2 Rh7 24. c3 Bxe3 25. Qxe3 Nhg4 26. Qe2 Nxd3 27. c4 Qh6
28. Qxg4 Nf2+ 0-1

[Event "V Open Estate Vomero"]
[Site "Napoli ITA"]
[Date "2011.06.23"]
[Round "7"]
[White "Miccoli, Livio"]
[Black "Gallo, Thomas Renato"]
[Result "0-1"]
[WhiteElo "1671"]
[BlackElo "1881"]
[PlyCount "46"]
[EventDate "2011.05.06"]

1. e4 e5 2. Nf3 Nc6 3. Bb5 Nf6 4. Nc3 Bd6 5. Bxc6 dxc6 6. d4 Bg4 7. dxe5 Bxf3
8. Qxf3 Bxe5 9. O-O Qe7 10. Bf4 O-O-O 11. Bxe5 Qxe5 12. Qe2 Rhe8 13. f3 Nh5 14.
Rad1 Rd6 15. Rd2 Nf4 16. Qf2 Qg5 17. Kh1 Nh3 18. Qg3 Rxd2 19. Qxh3+ Kb8 20. f4
Qg6 21. Rf3 Rxc2 22. Rd3 Rc1+ 23. Nd1 Qxe4 0-1

[Event "V Open Estate Vomero"]
[Site "Napoli ITA"]
[Date "2011.06.23"]
[Round "7"]
[White "Rosato, Luciano"]
[Black "Zinnai, Graziano Matteo"]
[Result "1-0"]
[WhiteElo "2272"]
[BlackElo "1836"]
[PlyCount "101"]
[EventDate "2011.05.06"]

1. d4 d5 2. Nf3 Nf6 3. c4 c6 4. e3 e6 5. Nbd2 Nbd7 6. b3 Bd6 7. Bb2 Qc7 8. c5
Be7 9. b4 b6 10. Bd3 a5 11. a3 Ba6 12. Nb3 Bxd3 13. Qxd3 a4 14. cxb6 Qxb6 15.
Nc5 Bxc5 16. dxc5 Nxc5 17. bxc5 Qxb2 18. Rb1 Qa2 19. O-O O-O 20. Ne5 Ne4 21.
Rbc1 Qb3 22. Rfd1 Qb2 23. Ng4 f5 24. Rc2 Qb8 25. f3 fxg4 26. fxe4 g3 27. exd5
gxh2+ 28. Kh1 exd5 29. e4 Rd8 30. exd5 Rxd5 31. Qc4 Qb3 32. Rxd5 cxd5 33. Qd4
Rf8 34. Rc3 Qb8 35. Qxd5+ Kh8 36. Qd6 Rd8 37. Qxb8 Rxb8 38. Rc4 Kg8 39. Rxa4
Rc8 40. Rc4 Kf7 41. Kxh2 Ke6 42. Rg4 g6 43. Rh4 h5 44. Rc4 Kd5 45. Rc3 g5 46.
c6 h4 47. Kh3 Kd4 48. Rc1 Ke5 49. Kg4 Kf6 50. c7 Kg6 51. Rc6+ 1-0

[Event "V Open Estate Vomero"]
[Site "Napoli ITA"]
[Date "2011.06.23"]
[Round "7"]
[White "Saccone, Fabio"]
[Black "Seletsky, Grigory"]
[Result "1-0"]
[WhiteElo "2308"]
[BlackElo "2296"]
[PlyCount "91"]
[EventDate "2011.05.06"]

1. Nf3 e6 2. d4 d5 3. c4 c6 4. Nc3 f5 5. g3 Nf6 6. Bg2 Bd6 7. Bf4 O-O 8. Bxd6
Qxd6 9. Ne5 Nbd7 10. f4 b6 11. O-O Bb7 12. Qb3 Rfd8 13. Rfd1 Rac8 14. Rac1 Ne4
15. cxd5 cxd5 16. Nb5 Qb8 17. Rxc8 Qxc8 18. Nxa7 Qc7 19. Nb5 Qc8 20. Bxe4 fxe4
21. Nd6 Qc7 22. Nxb7 Qxb7 23. Nxd7 Rxd7 24. Rc1 Rc7 25. Rc3 Kf7 26. a4 Ke7 27.
Kf2 Kd7 28. Qb5+ Kd8 29. a5 Rxc3 30. bxc3 Kc7 31. Qxb6+ Qxb6 32. axb6+ Kxb6 33.
Ke3 Kb5 34. Kd2 Ka4 35. Kc2 Ka3 36. c4 Kb4 37. c5 Kb5 38. Kb3 Ka5 39. Kc3 Kb5
40. g4 h6 41. Kd2 g6 42. Ke3 Kc6 43. f5 exf5 44. gxf5 gxf5 45. Kf4 Kd7 46. Kxf5
1-0

[Event "V Open Estate Vomero"]
[Site "Napoli ITA"]
[Date "2011.06.23"]
[Round "7"]
[White "Somma, Andrea"]
[Black "Caporali, Dante"]
[Result "1/2-1/2"]
[WhiteElo "1590"]
[BlackElo "1568"]
[PlyCount "66"]
[EventDate "2011.05.06"]

1. e4 e6 2. d3 d5 3. Nd2 Nf6 4. Ngf3 c5 5. g3 Be7 6. Bg2 O-O 7. O-O Nc6 8. c3
b6 9. e5 Nd7 10. Re1 Qc7 11. Qe2 Bb7 12. b3 a5 13. Bb2 Rac8 14. a3 b5 15. Rac1
Qb8 16. d4 c4 17. a4 bxa4 18. bxc4 dxc4 19. Nxc4 Ba6 20. Rb1 Qc7 21. Nfd2 Ncxe5
22. dxe5 Bxc4 23. Nxc4 Qxc4 24. Qxc4 Rxc4 25. Bf1 Rcc8 26. Bb5 Nb6 27. Ra1 Nc4
28. Bc1 a3 29. Re4 Nb2 30. c4 Bb4 31. Bxb2 axb2 32. Rb1 Rfd8 33. Rxb2 g6
1/2-1/2